000 00210nam a2200085Ia 4500
008 220204s9999 xx 000 0 und d
245 0 _aRubber technology and manufacture
260 _aDelhi
_bSBP
_c1979
942 _cBK
999 _c33691
_d33691